Kręg Latynoamerykański - Statystyki

Ogólne statystyki
  • Ten quiz został rozwiązany 58 razy
  • Średni wynik to 20 z 24
Statystyki odpowiedzi
Państwo % Poprawnych
Brazylia
97%
Argentyna
91%
Meksyk
91%
Urugwaj
91%
Chile
88%
Kolumbia
88%
Kuba
88%
Paragwaj
88%
Peru
88%
Wenezuela
88%
Boliwia
85%
Gujana
85%
Honduras
85%
Panama
85%
Salwador
82%
Kostaryka
79%
Nikaragua
79%
Surinam
79%
Belize
76%
Ekwador
76%
Haiti
76%
Dominikana
73%
Jamajka
73%
Gwatemala
64%
Nie znaleziono quizów pasujących do podanych kryteriów
Rozkład punktacji
Procent ludzi z każdym wynikiem
Percentyl według liczby udzielonych odpowiedzi
Twoja historia wyników
Nie rozwiązałeś tego quizu